000 00222 a2200097 4500
001 24499
100 _aAvner, S H
245 _aIntroduction to Physical Metallurgy
260 _a
_bMcGraw-Hill
_c1964
090 _c16552
_d16552
942 _aNUST-CAE
_cM
_c7283
999 _c259572
_d259572